00514nam a2200193 a 4500001001300000003000900013005001700022008004100039020001000080082001700090100002500107245004300132260003000175300000900205500003500214505001300249650003300262700002500295nice12345678IN_TiNIC20260116011328.0050524s1890 leia grp 000 0 ger  ac10000a181.07bDIE2 aDieterici, Friedrich aAlfarabi`s Philosophische Abhandlungen aLeidenbE. J. Brillc1890 a118p aincludes index and biblioraphy2 aarchives aPhilosophy-Islamic-Al Farabi1 aDieterici, Friedrich